[Event "Lippe Cup-B 07th"]
[Site "Lieme"]
[Date "2010.10.17"]
[Round "4"]
[White "Radde, Horst"]
[Black "Krneta, Slavko"]
[Result "0-1"]
[WhiteElo "1777"]
[BlackElo "1662"]
[PlyCount "146"]
[EventDate "2010.10.15"]
[EventType "swiss"]
[EventRounds "5"]
[EventCountry "GER"]
[SourceTitle "EXT 2012"]
[Source "ChessBase"]
[SourceDate "2011.11.24"]
[SourceVersion "1"]
[SourceVersionDate "2011.11.24"]
[SourceQuality "1"]

1. d3 e6 2. a3 d5 3. e3 c5 4. Nd2 Bd6 5. Ngf3 Ne7 6. b3 Nd7 7. Bb2 0-0 8. g3 Qc7 9. Bg2 Rb8 10. 0-0 b6 11. c4 Ne5 12. Nxe5 Bxe5 13. d4 Bf6 14. Qc2 Bb7 15. Nf3 dxc4 16. bxc4 cxd4 17. exd4 Rbc8 18. Nd2 Bxg2 19. Kxg2 Rfd8 20. Qe4 Nf5 21. Qg4 Bxd4 22. Bxd4 Rxd4 23. Qe2 Qc6+ 24. Kg1 Rd7 25. Nf3 Nd4 26. Nxd4 Rxd4 27. Rac1 Rxc4 28. Rxc4 Qxc4 29. Qf3 Qd5 30. Qe2 Qb7 31. Rd1 g6 32. h4 Qe7 33. Qa6 Rc5 34. a4 Kg7 35. Qe2 Qc7 36. Qb2+ Qe5 37. Qa2 a6 38. Rb1 b5 39. axb5 axb5 40. Qa8 Rc2 41. Qf3 Qc5 42. Kg2 Rc1 43. Rb3 Qc4 44. Rd3 b4 45. Kh2 Rc3 46. Re3 Rxe3 47. Qxe3 Qc3 48. Qg5 h6 49. Qb5 b3 50. Kg2 b2 51. g4 Qd4 52. f3 Qd2+ 53. Kh3 Qd4 54. Qb8 Kh7 55. Qb7 Kg7 56. Qb8 e5 57. g5 hxg5 58. hxg5 Qf4 59. Qxb2 Qxf3+ 60. Kh4 Qf4+ 61. Kh3 Qxg5 62. Qb7 Qf4 63. Qc7 Qf5+ 64. Kg2 Qe6 65. Kf2 g5 66. Ke3 Kg6 67. Qd8 f5 68. Kf2 e4 69. Qf8 f4 70. Ke2 Kh5 71. Qh8+ Kg4 72. Qh2 Qa2+ 73. Kf1 Qxh2 0-1

[Event "Lippe Cup 05th"]
[Site "Lieme"]
[Date "2008.09.28"]
[Round "4"]
[White "Radde, Horst"]
[Black "Kuckling, Hannah"]
[Result "1-0"]
[WhiteElo "1788"]
[BlackElo "1448"]
[PlyCount "71"]
[EventDate "2008.09.26"]
[EventType "swiss"]
[EventRounds "5"]
[EventCountry "GER"]
[SourceTitle "EXT 2012"]
[Source "ChessBase"]
[SourceDate "2011.11.24"]
[SourceVersion "1"]
[SourceVersionDate "2011.11.24"]
[SourceQuality "1"]

1. a3 Nf6 2. d3 g6 3. b3 Bg7 4. Bb2 0-0 5. c4 c5 6. e3 d6 7. h3 Nc6 8. f4 Bf5 9. g4 Bd7 10. Bg2 Be6 11. Nf3 d5 12. Qc2 dxc4 13. dxc4 Qd6 14. Nc3 a6 15. Rd1 Qc7 16. 0-0 Rad8 17. Ng5 Bd7 18. Nd5 Nxd5 19. cxd5 Na7 20. e4 Bb5 21. e5 Bxf1 22. Kxf1 h6 23. Ne4 b6 24. a4 Rd7 25. h4 Rfd8 26. d6 exd6 27. exd6 Qc8 28. Bxg7 Kxg7 29. Qc3+ Kg8 30. Nf6+ Kf8 31. Nxd7+ Kg8 32. Nf6+ Kf8 33. Nh5 Ke8 34. Re1+ Kd7 35. Re7+ Kxd6 36. Qe5# 1-0

[Event "Bielefeld Gr5"]
[Site "Bielefeld"]
[Date "2007.05.27"]
[Round "5"]
[White "Brinkmann, Andrea"]
[Black "Radde, Horst"]
[Result "1/2-1/2"]
[WhiteElo "1904"]
[BlackElo "1739"]
[PlyCount "101"]
[EventDate "2007.05.25"]
[EventType "tourn"]
[EventRounds "7"]
[EventCountry "GER"]
[SourceTitle "EXT 2008"]
[Source "ChessBase"]
[SourceDate "2007.11.25"]
[SourceVersion "1"]
[SourceVersionDate "2007.11.25"]
[SourceQuality "1"]

1. e4 c5 2. Nf3 d6 3. g3 Nf6 4. d3 Nc6 5. Bg2 g6 6. 0-0 Bg7 7. Re1 e5 8. c3 0-0 9. a4 a5 10. Na3 h6 11. Nb5 Na7 12. Na3 Nc6 13. Nb5 Nh5 14. d4 cxd4 15. cxd4 Bg4 16. Be3 f5 17. exf5 e4 18. Qb3+ d5 19. Nh4 Bxf5 20. Nxf5 gxf5 21. Qd1 Nf6 22. Bf4 Ne8 23. Rc1 Rc8 24. Bh3 Nb4 25. Bf1 Rxc1 26. Qxc1 Nc6 27. Bxh6 Bxh6 28. Qxh6 Qf6 29. Qxf6 Rxf6 30. Rc1 Kf7 31. Rc5 Ke6 32. Be2 Rh6 33. Rc3 Rh7 34. f3 Nd6 35. fxe4 dxe4 36. Nxd6 Kxd6 37. Rc4 b6 38. Bd1 Kd5 39. Bb3 Kd6 40. Kg2 e3 41. h4 Re7 42. Kf1 e2+ 43. Ke1 Re3 44. Rc3 Re7 45. d5 Nd4 46. Bc4 f4 47. gxf4 Rg7 48. Bxe2 Re7 49. Kd1 Nxe2 50. Rc6+ Kxd5 51. Rxb6 1/2-1/2

[Event "Bielefeld Gr5"]
[Site "Bielefeld"]
[Date "2007.05.26"]
[Round "2"]
[White "Radde, Horst"]
[Black "Unruh, Heinrich"]
[Result "1/2-1/2"]
[WhiteElo "1739"]
[BlackElo "1990"]
[PlyCount "103"]
[EventDate "2007.05.25"]
[EventType "tourn"]
[EventRounds "7"]
[EventCountry "GER"]
[SourceTitle "EXT 2008"]
[Source "ChessBase"]
[SourceDate "2007.11.25"]
[SourceVersion "1"]
[SourceVersionDate "2007.11.25"]
[SourceQuality "1"]

1. d3 d5 2. e3 e5 3. a3 f5 4. d4 e4 5. c4 Nf6 6. Nc3 c6 7. g3 Be6 8. cxd5 cxd5 9. Nge2 Nc6 10. Nf4 Bf7 11. Qb3 Qd7 12. Bd2 g5 13. Nh3 h6 14. Rc1 Be6 15. Ng1 f4 16. gxf4 gxf4 17. h4 f3 18. Bh3 Bxh3 19. Nxh3 Na5 20. Qb5 Nc4 21. Nf4 0-0-0 22. Qxd7+ Kxd7 23. Ncxd5 Nxd5 24. Nxd5 Nxb2 25. Rc2 Nd3+ 26. Kf1 Ke6 27. Nc3 Kf5 28. h5 Rc8 29. Rh4 Bxa3 30. d5 Rc4 31. Ra2 Bb4 32. Nxe4 Rxe4 33. Rxe4 Kxe4 34. Bxb4 Nxb4 35. Rxa7 Re8 36. Kg1 Kxd5 37. Rxb7 Nd3 38. Rd7+ Ke4 39. Rd4+ Kf5 40. Rxd3 Kg4 41. Kh2 Rg8 42. e4 Kf4 43. e5 Rg2+ 44. Kh1 Rxf2 45. Rd6 Kg5 46. Rf6 Kxh5 47. Kg1 Rg2+ 48. Kf1 Rg5 49. Kf2 Rxe5 50. Rxf3 Kg6 51. Kg2 Rg5+ 52. Rg3 1/2-1/2

[Event "Bielefeld Gr5"]
[Site "Bielefeld"]
[Date "2007.05.25"]
[Round "1"]
[White "Jackl, Christian"]
[Black "Radde, Horst"]
[Result "0-1"]
[WhiteElo "1754"]
[BlackElo "1739"]
[PlyCount "64"]
[EventDate "2007.05.25"]
[EventType "tourn"]
[EventRounds "7"]
[EventCountry "GER"]
[SourceTitle "EXT 2008"]
[Source "ChessBase"]
[SourceDate "2007.11.25"]
[SourceVersion "1"]
[SourceVersionDate "2007.11.25"]
[SourceQuality "1"]

1. d4 d6 2. Nf3 e6 3. e3 a6 4. Bd3 Nd7 5. 0-0 c5 6. c4 g6 7. b3 Bg7 8. Bb2 b6 9. Qe2 Bb7 10. e4 Ne7 11. Nc3 0-0 12. d5 e5 13. Nd2 f5 14. f4 exf4 15. Rxf4 Be5 16. Rff1 f4 17. Nf3 h6 18. Nd1 Bxb2 19. Qxb2 g5 20. e5 g4 21. exd6 Nf5 22. Ne5 Nxd6 23. Nxg4 Qg5 24. Qe2 Rae8 25. Qf3 h5 26. Ngf2 Ne5 27. Qh3 Bc8 28. g4 Nxg4 29. Nxg4 Bxg4 30. Qg2 f3 31. Qg3 h4 32. Qxd6 Bh3+ 0-1

[Event "Bielefeld Gr5"]
[Site "Bielefeld"]
[Date "2006.06.05"]
[Round "6"]
[White "Radde, Horst"]
[Black "Siol, Juergen"]
[Result "1/2-1/2"]
[WhiteElo "1697"]
[BlackElo "1680"]
[PlyCount "57"]
[EventDate "2006.06.02"]
[EventType "tourn"]
[EventRounds "7"]
[EventCountry "GER"]
[SourceTitle "EXT 2007"]
[Source "ChessBase"]
[SourceDate "2006.11.23"]
[SourceVersion "1"]
[SourceVersionDate "2006.11.23"]
[SourceQuality "1"]

1. d4 d5 2. c4 dxc4 3. Nf3 Nf6 4. Nc3 Bf5 5. Nh4 Bd7 6. e4 e6 7. Nf3 b5 8. e5 Nd5 9. Ng5 Bb4 10. Bd2 Nxc3 11. Qf3 0-0 12. bxc3 Bc6 13. Qh3 h6 14. Nxe6 fxe6 15. Qxe6+ Kh8 16. Qg6 Qh4 17. Qg3 Qxg3 18. hxg3 Ba3 19. f3 Bd5 20. g4 Kg8 21. Rb1 a6 22. g5 hxg5 23. Bxg5 Nd7 24. Rh3 Rae8 25. Be2 c5 26. Kd2 cxd4 27. cxd4 Nxe5 28. dxe5 Rxe5 29. f4 1/2-1/2

[Event "Werther Schloss op-B 11th"]
[Site "Werther"]
[Date "2005.03.19"]
[Round "2"]
[White "Foerster, Matthias"]
[Black "Radde, Horst"]
[Result "0-1"]
[WhiteElo "1624"]
[BlackElo "1762"]
[PlyCount "163"]
[EventDate "2005.03.18"]
[EventType "swiss"]
[EventRounds "5"]
[EventCountry "GER"]
[SourceTitle "EXT 2006"]
[Source "ChessBase"]
[SourceDate "2005.11.24"]
[SourceVersion "1"]
[SourceVersionDate "2005.11.24"]
[SourceQuality "1"]

1. e4 d6 2. d4 e6 3. c4 Nd7 4. Nf3 c5 5. Nc3 a6 6. Be2 cxd4 7. Nxd4 Ngf6 8. Be3 Be7 9. 0-0 0-0 10. f4 Qc7 11. Rc1 b6 12. f5 Nc5 13. Bf3 Bb7 14. Qc2 e5 15. Nb3 Rac8 16. Nxc5 dxc5 17. Nd5 Nxd5 18. exd5 Qd6 19. Be4 f6 20. Rf3 Rc7 21. Qe2 Rb8 22. Rh3 Bf8 23. Qh5 h6 24. Qg6 Kh8 25. Rg3 Qd7 26. Bxh6 Qe8 27. Qxe8 Rxe8 28. Bd2 Bd6 29. Rb3 b5 30. cxb5 c4 31. Rh3+ Kg8 32. bxa6 Bxa6 33. a3 Rb7 34. Bc3 Bc5+ 35. Kh1 Bd4 36. Rf3 Bxc3 37. bxc3 Rb3 38. a4 Ra3 39. Bc2 Rd8 40. Rd1 Bb7 41. Rff1 Rxc3 42. Be4 Ra3 43. Ra1 Re3 44. Rfe1 Rxe1+ 45. Rxe1 c3 46. Rd1 Kf8 47. Kg1 Rc8 48. Bc2 Rc4 49. Kf2 Rb4 50. Rd3 Rc4 51. Rd1 Rc5 52. Bb3 c2 53. Rc1 Rc3 54. Bxc2 Bxd5 55. Ke2 Bxg2 56. Kd2 Rh3 57. Re1 Bf3 58. Re3 Rxh2+ 59. Kc3 Bg4 60. a5 Ke7 61. a6 Rh8 62. Be4 Rc8+ 63. Kb4 Rc7 64. Kb5 Rd7 65. Kb6 Rd4 66. Bc6 Bxf5 67. a7 Rd8 68. a8Q Rxa8 69. Bxa8 Kd6 70. Kb5 Be6 71. Rd3+ Ke7 72. Rf3 f5 73. Kb4 e4 74. Rf2 Kf6 75. Kc5 Kg5 76. Kd4 f4 77. Rxf4 Kxf4 78. Bxe4 Kg4 79. Ke5 Bc8 80. Ba8 Ba6 81. Kd4 Kg3 82. Kc3 0-1